Grundräume und verallgemeinerte Funktionen /

Bibliographic Details
Main Author: Wloka, Joseph (συγγραφέας.)
Format: Book
Language:German
Published: Berlin : Springer Verlag, 1969.
Series:Lecture notes in mathematics (Springer-Verlag) 82.
Subjects:
LEADER 01141nam a2200277 u 4500
001 10024977
003 GR-PaULI
005 20241108063352.0
008 961003s1969 ge ger
952 |0 0  |1 0  |2 ddc  |4 0  |6 Π_Σ_515_782000000000000_WLO  |7 0  |8 NFIC  |9 194416  |a LISP  |b LISP  |c REF  |d 2016-04-24  |i 138456  |l 0  |o Π/Σ 515.782 WLO  |p 025000043584  |r 2016-04-24 00:00:00  |t 1  |v 2016.00  |w 2016-04-24  |y BK15 
999 |c 119234  |d 119234 
040 |a GR-PaULI  |c GR-PaULI  |b gre  |e AACR2 
082 |2 23  |a 515.782 
100 1 |a Wloka, Joseph  |9 50474  |e συγγραφέας. 
245 1 0 |a Grundräume und verallgemeinerte Funktionen /  |c Joseph Wloka 
260 |a Berlin :  |b Springer Verlag,  |c 1969. 
300 |a viii, 131 σ. ;  |c 28 εκ. 
490 1 |a Lecture notes in mathematics  |v 82. 
500 |a   
504 |a Περιλαμβάνει βιβλιογραφικές παραπομπές. 
505 1 |a   
650 4 |a Συναρτησιακή ανάλυση  |9 218 
650 4 |a Κατανομή (Οικονομική θεωρία)  |9 8630 
830 0 |a Lecture notes in mathematics (Springer-Verlag)   |v 82.  |9 161263 
942 |2 ddc  |c BKN 
998 |c ΜΠΟΥΡΑΣ  |d 2019-01